| 000 | 00688nam a22002177a 4500 | ||
|---|---|---|---|
| 999 |
_c9019 _d9019 |
||
| 003 | AR-CdUCM | ||
| 008 | 190327b ||||| |||| 00| 0 spa d | ||
| 020 | _a9780968245347 | ||
| 040 |
_aMUNICIPALIDAD PROVINCIAL DEL CUSCO _cBIBLIOTECA MUNICIPAL DEL CUSCO |
||
| 082 |
_a398.20985 / _bP31 |
||
| 100 |
_aPacheco Alvarez, Wilbert _920915 |
||
| 245 | _aPáginas Chinchaypujinas / | ||
| 260 |
_aCusco : _bAguilar, _c2014. |
||
| 300 |
_a204 ´páginas ; _c20 cm. |
||
| 505 | _aContenido: Canto a mi tierra -- Viejo capuli de pueblo -- Usiiu -- Don Sata... | ||
| 650 |
_aCusco. _9772 |
||
| 650 |
_aLiteratura. _983 |
||
| 650 |
_aChinchaypujllu. _924963 |
||
| 942 |
_2ddc _cLIBROS |
||
| 945 | _awfj | ||